The semiotic challenge /

Bibliographic Details
Main Author: Barthes, Roland
Format: Book
Language:English
French
Published: New York : Hill and Wang, [1988]
Subjects:

MARC

Tag First Indicator Second Indicator Subfields
LEADER 00000cam a22000008a 4500
001 in00000018808
005 20151007054053.0
008 871028s1988 nyu 00010 eng
010 |a  87028858  
020 |a 0809085291 :  |c $18.95 
020 |a 0809015382 (pbk.) :  |c $9.95 
035 |a (OCoLC)16982286 
035 |9 AAB3884AM 
040 |a DLC  |c DLC  |d TXA  |d UtOrBLW 
041 1 |a eng  |a fre 
049 |a TXAM  |c [A11495485] 
050 0 0 |a P99  |b .B28613 1988 
082 0 |a 001.51  |2 19 
100 1 |a Barthes, Roland. 
240 1 0 |a Aventure sémiologique.  |l English 
245 1 4 |a The semiotic challenge /  |c Roland Barthes ; translated by Richard Howard. 
263 |a 8803 
264 1 |a New York :  |b Hill and Wang,  |c [1988] 
264 4 |c ©1988 
300 |a 293 pages :  |b illustrations 
336 |a text  |b txt  |2 rdacontent 
337 |a unmediated  |b n  |2 rdamedia 
338 |a volume  |b nc  |2 rdacarrier 
500 |a Translation of: L'aventure sémiologique. 
650 0 |a Semiotics. 
650 0 |a Discourse analysis. 
999 |a MARS 
999 f f |s 25d787b5-03cf-34ba-a938-77bb189e34a1  |i 58499cb9-f813-3387-9ac0-9c832cf846f8  |t 0 
952 f f |p normal  |a Texas A&M University  |b College Station  |c Sterling C. Evans Library  |d Evans: Library Stacks  |t 0  |e P99 .B28613 1988  |h Library of Congress classification  |i unmediated -- volume  |m A14811495485 
998 f f |a P99 .B28613 1988  |t 0  |l Evans: Library Stacks